Crosscourt/ (Record no. 206611)

MARC details
000 -LEADER
fixed length control field 00644nam a2200205 4500
005 - DATE AND TIME OF LATEST TRANSACTION
control field 20241023121746.0
010 ## - LCCN (DPL NO)
LC control number ENG-142335
020 ## - INTERNATIONAL STANDARD BOOK NUMBER
Terms of availability 495.00
International Standard Book Number 9788196041304
035 ## - SYSTEM CONTROL NUMBER
System control number EN-125867
037 ## - SOURCE OF ACQUISITION
Source of stock number/acquisition DBAD
082 ## - DEWEY DECIMAL CLASSIFICATION NUMBER
Classification number 796.342
100 ## - MAIN ENTRY--PERSONAL NAME
Personal name Mukherjea, Jaidip
245 ## - TITLE STATEMENT
Title Crosscourt/
Remainder of title Jaidip Mukherjea and Papri Sen Sri Raman
250 ## - EDITION STATEMENT
Edition statement First
260 ## - PUBLICATION, DISTRIBUTION, ETC. (IMPRINT)
Name of publisher, distributor, etc Vitasta Publishing Pvt Ltd
Date of publication, distribution, etc 2023
Place of publication, distribution, etc New Delhi
270 ## - ADDRESS
Address 2/15, Ansari Road, Daryaganj
City New Delhi
Postal code 110002
Electronic mail address info@vitastapublishing.com
300 ## - PHYSICAL DESCRIPTION
Extent XV,195p.
Dimensions 23cm(hb)
700 ## - ADDED ENTRY--PERSONAL NAME
Personal name Papri Sen Sri Raman
9 (RLIN) 73220
942 ## - ADDED ENTRY ELEMENTS (KOHA)
Source of classification or shelving scheme Dewey Decimal Classification
Item type English Books
Classification part 796.342
Call number suffix MUK
Holdings
Withdrawn status Lost status Not for loan Collection code Home library Current library Date acquired Source of acquisition Cost, normal purchase price Full call number Barcode Copy number Cost, replacement price Koha item type
      Non-fiction Bawana Bawana 23/10/2024 DBAD 495.00 796.342 MUK EN-125867 1 495.00 English Books

© Delhi Public Library
Hit Counter
free hit counter